| 000 | 00450nam a2200181Ia 4500 | ||
|---|---|---|---|
| 001 | 21071 | ||
| 005 | 20260306172852.0 | ||
| 008 | 260306t2008||||xx |||||||||||||| ||spa|| | ||
| 041 | _aESP | ||
| 082 |
_a344 _bM16 |
||
| 100 |
_aMahiques, Carlos Alberto _eAUT |
||
| 245 | 0 | _aLa ciencia del derecho penal como problema abierto | |
| 260 | _c2008 | ||
| 300 |
_a132 páginas : _c23 cm. |
||
| 650 | _aGEN | ||
| 654 | _aCDE | ||
| 942 |
_cLIB _dJUS _fJUS _2ddc _n |
||
| 999 |
_c21071 _d21071 |
||